000 01029nam a2200289 c 4500
003 BLK
005 20180917092500.0
008 180409b bul|||||r ||||||| ||bul||
010 _aKNG00108782000
020 _a954-597-171-1
_bиздат.: Фама
040 _aBLK
041 _aBUL
_cBUL
080 _aБългарска литература
_b821.163.2
_x-32
_z821.163.2-32
100 1 _aРанчев, Палми Стоянов
_eпърви автор
_9247447
139 _aРанчев, Палми Стоянов
_bР 36
245 1 0 _aАматьори и професионалисти
_cПалми Стоянов Ранчев.
257 _aBGR
260 София
_bФама
_c2003
_fСофия : Симолини 94
300 _a200 с.
_c20 см
380 _aX
500 _aИзд. е спечелило конкурс на Нац. център за кн.
852 _aЦб 216569
856 4 _qpdf
_u
856 4 _qpdf
_u
942 _cKNG
_n0
_02
944 _aCR
_c05.11.2003
_kВаля_Йорданова
944 _aED
_c01.03.2006
_k
999 _c103704
_d103704